Missing Words: Song Title Pronouns Quiz Stats

 Plays Quiz Updated Oct 7, 2012

Support Sporcle.
Go Orange.
Score 0/20 Timer 03:00
0 Plays Today
Song Title Pronoun % Correct
'YoĆ¼ and _____'I
97.1%
'_____ Are Never Ever Getting Back Together'We
96.9%
'(You Drive _____) Crazy'Me
96.7%
'God Gave Me _____'You
94%
'Any Way You Want _____'It
89.8%
'_____ Loves You'She
87.2%
'_____ Ain't The Leavin' Kind'He
86.7%
'Sweet Dreams (Are Made of _____)'This
82.4%
'I Wanna Dance With _____ (Who Loves Me)'Somebody
75.8%
'_____ Like You'Someone
71.5%
Song Title Pronoun % Correct
'Can't Let _____ Get Away'Her
70.2%
'The Boy Is _____'Mine
66.1%
'_____ Dreams'These
65.8%
'Don't Forget About _____'Us
64.9%
'I Can't Go For _____ (No Can Do)'That
61.3%
'_____ Wants To Live Forever'Who
54.1%
'I Touch _____'Myself
46.3%
'_____ Plays the Fool'Everybody
42.6%
'Give Me _____'Everything
21%
'_____ Like You'Something
12.3%

Today's Daily Dose

Missing Word
Paddington 2 Cast

Word Ladder
Time After Time

Quick Pick
'World' Movies

You're not logged in!

Compare scores with friends on all Sporcle quizzes.
OR
Log In

From the Vault

Mystery Countries II

by oldkent

It's like a riddle, wrapped in an enigma, covered in cheese and deep fried.
Remove Ads.
Support Sporcle.
Get the best of Sporcle when you Go Orange. This ad-free experience offers more features, more stats, and more fun while also helping to support Sporcle. Thank you for becoming a member.

Show Comments

Extras

Top Quizzes Today


Score Distribution

Your Account Isn't Verified!

In order to create a playlist on Sporcle, you need to verify the email address you used during registration. Go to your Sporcle Settings to finish the process.

Report this User

Report this user for behavior that violates our Community Guidelines.

Details: